| 000 | 00653nam a22001937a 4500 | ||
|---|---|---|---|
| 005 | 20260401100928.0 | ||
| 008 | 260401b |||||||| |||| 00| 0 eng d | ||
| 020 | _a978-1-78779-124-4 | ||
| 050 | _aRC 46 .I 27 2020 | ||
| 100 | _aIBRAHIM, WANIS H | ||
| 245 | _aSHORT AND OSCE CASES IN INTERNAL MEDICINE: CLINICAL EXAMS FOR PACES, MRCPI, ARAB BOARD AND SIMILAR EXAMS | ||
| 250 | _a2 | ||
| 260 |
_aLONDON, _bJAYPEE BROTHERS MEDICAL PUBLISHERS, _c2020, |
||
| 300 | _aXVi, 286 P, ILL | ||
| 500 | _aINCLUDES BIBLIOGRAPHICAL REFERENCES AND INDEX | ||
| 650 | _aINTERNAL MEDICINE-CASE STUDIES | ||
| 700 | _aFOWARD BY RAYAZ A MALIK | ||
| 942 |
_2lcc _cBK |
||
| 999 |
_c216913 _d216913 |
||